|
|
|
|
| LEADER |
00000nam0a2200000 4500 |
| 001 |
126364 |
| 005 |
20231031131839.0 |
| 010 |
|
|
|a 5703823447
|
| 035 |
|
|
|a (RuTPU)RU\TPU\book\136704
|
| 090 |
|
|
|a 126364
|
| 100 |
|
|
|a 20071127d2006 m y0rusy50 ca
|
| 101 |
0 |
|
|a rus
|
| 102 |
|
|
|a RU
|
| 105 |
|
|
|a a j 001zy
|
| 200 |
1 |
|
|a Основы механики сплошных сред
|e учебник
|f А. В. Бабкин, В. В. Селиванов
|
| 205 |
|
|
|a 3-е изд., стер.
|
| 210 |
|
|
|a Москва
|c Изд-во МГТУ
|d 2006
|
| 215 |
|
|
|a 376 с.
|c ил.
|
| 225 |
1 |
|
|a Прикладная механика сплошных сред: в 3 т.
|h Т. 1
|
| 320 |
|
|
|a Библиогр.: с. 371.
|
| 330 |
|
|
|a В первом томе комплекса учебников серии "Прикладная механика сплошных сред" приведены основные элементы векторного и тензорного анализа, необходимые и достаточные для изучения краткого курса "Основы механики сплошных сред", излагаемого с помощью математического аппарата тензорного исчисления. Рассмотрены понятия и соответствующие физические величины, используемые для описания движения и состояния материального континуума. Выводятся уравнения и соотношения, справедливые для описания поведения любых сплошных сред независимо от их агрегатного состояния и физико-механических характеристик. Описаны основные реологические модели сплошных сред и приведены соответствующие физические соотношения. Даны общие принципы постановки задач механики сплошных сред и примеры постановки ряда практических задач. В приложении приведены примеры решения типовых задач. В основу учебника положен материал лекций, читаемых авторами студентам МГТУ им. Н.Э. Баумана. Для студентов технических университетов и машиностроительных вузов.
|
| 610 |
1 |
|
|a сплошные среды
|
| 610 |
1 |
|
|a деформируемые среды
|
| 610 |
1 |
|
|a механика
|
| 610 |
1 |
|
|a математический аппарат
|
| 610 |
1 |
|
|a векторное исчисление
|
| 610 |
1 |
|
|a тензорное исчисление
|
| 610 |
1 |
|
|a материальный континуум
|
| 610 |
1 |
|
|a кинематика
|
| 610 |
1 |
|
|a деформации
|
| 610 |
1 |
|
|a напряжения
|
| 610 |
1 |
|
|a законы сохранения
|
| 610 |
1 |
|
|a термодинамика
|
| 610 |
1 |
|
|a модели
|
| 610 |
1 |
|
|a задачи
|
| 610 |
1 |
|
|a учебники
|
| 675 |
|
|
|a 531(075.8)
|v 3
|
| 700 |
|
1 |
|a Бабкин
|b А. В.
|g Александр Викторович
|
| 701 |
|
1 |
|a Селиванов
|b В. В.
|g Виктор Валентинович
|
| 801 |
|
1 |
|a RU
|b 63413507
|c 20071127
|g PSBO
|
| 801 |
|
2 |
|a RU
|b 63413507
|c 20150515
|g PSBO
|
| 942 |
|
|
|c BK
|
| 959 |
|
|
|a 84/20071126
|d 2
|e 280,00
|f АНЛ:1
|f ЧЗТЛ:1
|